La danza en Guerrero (Record no. 10991)
[ view plain ]
| 000 -CABECERA | |
|---|---|
| campo de control de longitud fija | 00889nam a22002417a 4500 |
| 001 - NÚMERO DE CONTROL | |
| campo de control | BRCA_9369 |
| 003 - IDENTIFICADOR DEL NÚMERO DE CONTROL | |
| campo de control | FranzMayer |
| 005 - FECHA Y HORA DE LA ÚLTIMA TRANSACCIÓN | |
| campo de control | 20230918123529.0 |
| 008 - DATOS DE LONGITUD FIJA--INFORMACIÓN GENERAL | |
| campo de control de longitud fija | 230830b |||||||| |||| 00| 0 eng d |
| 040 ## - FUENTE DE LA CATALOGACIÓN | |
| Centro catalogador/agencia de origen | MFM |
| Lengua de catalogación | español |
| Centro/agencia transcriptor | MFM |
| 050 ## - SIGNATURA TOPOGRÁFICA DE LA BIBLIOTECA DEL CONGRESO | |
| Número de clasificación | M1262.M6 |
| Número de documento/Ítem | P56 |
| 100 1# - ENTRADA PRINCIPAL--NOMBRE DE PERSONA | |
| Código de función/relación | Responsable |
| Nombre de persona | Pino Memije, Francis |
| 9 (RLIN) | 29374 |
| 240 ## - TÍTULO UNIFORME | |
| Título uniforme | La danza en Guerrero |
| Lenguaje de la obra | Español |
| 245 0# - MENCIÓN DE TÍTULO | |
| Título | La danza en Guerrero |
| 260 ## - PUBLICACIÓN, DISTRIBUCIÓN, ETC. | |
| Lugar de publicación, distribución, etc. | CDMX, México |
| Nombre del editor, distribuidor, etc. | Instituto guerrense de la cultura |
| 300 ## - DESCRIPCIÓN FÍSICA | |
| Extensión | 52 p |
| Otras características físicas | Ilustraciones a color |
| Dimensiones | 23 cm |
| 500 ## - NOTA GENERAL | |
| Nota general | Anexo 1 |
| 500 ## - NOTA GENERAL | |
| Nota general | El libro no tiene la información completa, tal como ISBN o año de publicación |
| 505 ## - NOTA DE CONTENIDO CON FORMATO | |
| Nota de contenido con formato | Texto en: españolIncluye índice temáticoDirigido a: artistas, danzantes y músicos mexicanos |
| 650 1# - PUNTO DE ACCESO ADICIONAL DE MATERIA--TÉRMINO DE MATERIA | |
| Fuente del encabezamiento o término | Música |
| Término de materia o nombre geográfico como elemento de entrada | Danza |
| Subdivisión de forma | Arreglos musicales |
| 9 (RLIN) | 29375 |
| 651 2# - PUNTO DE ACCESO ADICIONAL DE MATERIA--NOMBRE GEOGRÁFICO | |
| Fuente del encabezamiento o término | Danzas tradicionales |
| Nombre geográfico | México |
| Subdivisión de forma | Guerrero |
| 9 (RLIN) | 29376 |
| 942 ## - ELEMENTOS DE PUNTO DE ACCESO ADICIONAL (KOHA) | |
| Fuente del sistema de clasificación o colocación | Library of Congress Classification |
| Tipo de ítem Koha | Libros |
| Estado de retiro | Estado de pérdida | Fuente del sistema de clasificación o colocación | Estado dañado | No para préstamo | Código de colección | Localización permanente | Ubicación/localización actual | Fecha de adquisición | Total de préstamos | Signatura topográfica completa | Código de barras | Fecha visto por última vez | Precio válido a partir de | Tipo de ítem Koha |
|---|---|---|---|---|---|---|---|---|---|---|---|---|---|---|
| El ejemplar forma parte de la colección y puede ser consultado según las políticas vigentes. | Library of Congress Classification | Fondo Contemporáneo | Biblioteca del Museo Franz Mayer (Rogerio Casas-Alatriste) | Biblioteca del Museo Franz Mayer (Rogerio Casas-Alatriste) | 30/08/2023 | M1262.M6 P56 | CONT10137 | 30/08/2023 | 30/08/2023 | Libros |